00619 2200205 4500001002100000005001700021008004100038020001800079035002400097082001000121090001700131100002300148245013500171260002800306300003000334500001100364504001200375650001200387700001400399YOGYA-0411000000118420110414085751.0 ind  a602-8335-40-1 0010-041100000001184 a929.6 a929.6bPil B aPiliang,Indra Jaya aBouraq-Singa Kontra garuda : pengaruh sistem Lambang dalam separatisme GAM terhadap RI / Indra Jaya Piliang ; penyunting M. Nursam aYogjakartabOmbakc2010 aXXIV,183 hlmbilusc21 cm aIndeks a166-176 aLambang aNursam, M